000 01396nam0a22002771 4500
001 v19\rc\1518085
005 20260406183115.0
035 _a(NLR Aleph) 004641334
090 _a3298671
_c3298671
100 _a20060620d1885 |||y0rusy50 ca
101 0 _arus
102 _aRU
105 _ay z |||||
200 1 _aУстав Эмеритальной кассы Ведомства Министерства юстиции
_e(Собр. узак. и расп. прав. 1885 г. № 61)
210 _aСанкт-Петербург
_d1885
215 _a28 с.
_d24
311 _aПрил. к Ж[урн.] гр[ажданск.] и уг[оловного] пр[ава], кн. 7. 1885 г.
316 _aЭкз. РНБ (2/436): приплетено к журн. ...
_5NLR: 2/436
422 0 _12001#$aЖурнал гражданского и уголовного права$v1885, кн. 7
_tЖурнал гражданского и уголовного права
482 0 _12001#$aЖурнал гражданского и уголовного права$v1885, кн. 7
_tЖурнал гражданского и уголовного права
710 0 1 _aРоссия
_bМинистерство юстиции
_bЭмеритальная касса
_3RU\NLR\AUTH\889948189
_9391986
801 0 _aRU
_bNLR
_gpsbo
801 1 _aRU
_bProSoft-M
_2rusmarc
852 _aNLR
_j2/436
942 _cBOOK
980 _aNB